Statystyki dla Nauka szybkiego pisania!

Kliknij tutaj aby rozwiązać quiz!

Ogólne statystyki

  • Ten quiz został rozwiązany 6 218 razy
  • Średni wynik to 11 z 15

Statystyki odpowiedzi

PrzykładyWyrazy% Poprawnych
sięsię
100%
PolskaPolska
99%
LitwaLitwa
98%
ŁotwaŁotwa
98%
BułgariaBułgaria
97%
kompulsywnekompulsywne
88%
żeże
85%
arbitrażarbitraż
83%
bymbym
83%
poligyniapoligynia
68%
UkrainaUkraina
64%
anomiaanomia
56%
OmanOman
52%
RosjaRosja
47%
historiozofiahistoriozofia
25%

Rozkład punktacji

Percentyl według liczby udzielonych odpowiedzi

Procent ludzi z każdym wynikiem

Twoja historia wyników

Nie rozwiązałeś tego quizu